Quiz o Nigerii - Statystyki

Ogólne statystyki
  • Ten quiz został rozwiązany 5 razy
  • Średni wynik to 5 z 15
Statystyki odpowiedzi
Pytanie Odpowiedź % Poprawnych
Największe miasto Lagos
80%
Najdłuższa rzeka. Od niej Nigeria i jeden z jej sąsiadów wzieli swoje nazwy Niger
80%
Państwo od którego Nigeria odzyskała niepodległość w 1960 roku Wielka Brytania
80%
Stolica Abudża
60%
Zatoka nad którą leży Nigeria Gwinejska
60%
Dwie trzecie dochodów państwa pochodzi z wydobycia tego Ropa naftowa
40%
Państwa graniczące (według wskazówek zegara zaczynając od zachodu) Benin, Niger, Czad, Kamerun
20%
Jezioro które Nigeria dzieli z 3 innymi państwami, wszystkimi będącymi jej sąsiadami (jego nazwa to nazwa jednego z jej sąsiadów) Czad
20%
Drugie najbardziej zaludnione państwo Kano
20%
Waluta Naira
20%
Region geograficzny leżący na północy Nigerii Sahel
20%
Główne religie Chrześcijaństwo, islam
0%
Największa grupa etniczna Hasua
0%
Państwo istniejące w latach ok. 1400-1905 na terenie dzisiejszej Nigerii (zaczyna się na O i jest trzyliterowe) Oyo
0%
Nigeria jest wiodącym producentem tej jadalnej bulwy na świecie Pochrzyn
0%
Nie znaleziono quizów pasujących do podanych kryteriów
Rozkład punktacji
Procent ludzi z każdym wynikiem
Percentyl według liczby udzielonych odpowiedzi
Twoja historia wyników
Nie rozwiązałeś tego quizu